000 00489nam a2200169Ia 4500
999 _c36044
_d36044
003 OSt
005 20201211111637.0
008 190216s9999||||xx |||||||||||||| ||und||
040 _coclc
082 _a300.72
_bBER/N
100 _aBerry, William D
_97377
245 0 _aNew Tools For Social Scientists /
_cWilliam D Berry
260 _bSage Pub,
_c1986.
_aNew Delhi:
300 _a286p
650 _aSocial Groups
942 _cREF
_2ddc
_h300.72
_iBER/N
_k300.72
_mBER/N